000 00273nam a2200097Ia 4500
001 1253480
005 20251031150954.0
008 251031s9999 xx 000 0 und d
245 0 _cM.SALİH SIRMAÇEKİÇ
_aV14 HAMMİT TEPEGÖZ İLE KAFDAĞINDA
260 _bTİMAŞ YAYINLARI
999 _c1253480
_d1253480